Visual Basic 6 (Record no. 48554)
[ view plain ]
| 000 -LEADER | |
|---|---|
| fixed length control field | 00374nam a2200157Ia 4500 |
| 008 - FIXED-LENGTH DATA ELEMENTS--GENERAL INFORMATION | |
| fixed length control field | 220805s9999 xx 000 0 und d |
| 020 ## - INTERNATIONAL STANDARD BOOK NUMBER | |
| International Standard Book Number | 81-7635-146-6 |
| 041 ## - LANGUAGE CODE | |
| Language code of text/sound track or separate title | eng |
| 082 ## - DEWEY DECIMAL CLASSIFICATION NUMBER | |
| Classification number | 001.26'8 |
| 100 ## - MAIN ENTRY--PERSONAL NAME | |
| Personal name | Thayer, Rob |
| 9 (RLIN) | 88184 |
| 260 ## - PUBLICATION, DISTRIBUTION, ETC. (IMPRINT) | |
| Place of publication, distribution, etc. | New Delhi |
| Name of publisher, distributor, etc. | Techmedia |
| Date of publication, distribution, etc. | 1998 |
| 245 ## - TITLE STATEMENT | |
| Title | Visual Basic 6 |
| 250 ## - EDITION STATEMENT | |
| Edition statement | 1 |
| 300 ## - PHYSICAL DESCRIPTION | |
| Extent | 954 |
| 650 ## - SUBJECT ADDED ENTRY--TOPICAL TERM | |
| Topical term or geographic name as entry element | Programming language |
| 9 (RLIN) | 88185 |
| Withdrawn status | Lost status | Damaged status | Not for loan | Collection code | Home library | Current library | Date acquired | Vendor | Cost, normal purchase price | Full call number | Barcode | Date last seen | Bill Date | Koha item type | Original Barcode |
|---|---|---|---|---|---|---|---|---|---|---|---|---|---|---|---|
| Manilal Nanavati Vocational Training Institute Pune | Manilal Nanavati Vocational Training Institute Pune | 09/08/2022 | Donated | 375.00 | 001.26'8/THA/DB1136 | MNVT-DB-1136 | 09/08/2022 | 09/08/2022 | Donated Book | DB1136 |